000 00290nam a2200121 a 4500
008 100917s1990|||| d
245 1 0 _aVyvraždění rodiny greenu
100 1 _aVan Dine, S.S.
044 _axo
_cSK
041 _aslo
020 _c19
260 _bMelantrich
_aBratislava
_c1990
999 _c10482
_d10482